000 00393nam a2200145Ia 4500
008 230711s9999||||xx |||||||||||||| ||und||
041 _aENG
082 _a624
_bKA-C
100 _aKarfs,William B
245 0 _aConstruction of linage reserviors tanks and pollution control
250 _a1st Ed.
260 _c1986
_aNew York
_bJohn Wiley & Sons.Inc
650 _aCivil Engineering
942 _cBK
999 _c1166
_d1166